Fr. Conceicao Rodrigues College of Engineering

Text Book of Engineering Mathematics (Record no. 33346)

MARC details
000 -LEADER
fixed length control field 00305nam a2200133Ia 4500
082 ## - DEWEY DECIMAL CLASSIFICATION NUMBER
Classification number 510
100 ## - MAIN ENTRY--PERSONAL NAME
Personal name Tagare/S/ Sapatnekar/R.V
245 ## - TITLE STATEMENT
Title Text Book of Engineering Mathematics
260 ## - PUBLICATION, DISTRIBUTION, ETC.
Name of publisher, distributor, etc. Nirali prakashan
Place of publication, distribution, etc. Pune
300 ## - PHYSICAL DESCRIPTION
Extent 194
546 ## - LANGUAGE NOTE
Language note ENGLISH
654 ## - SUBJECT ADDED ENTRY--FACETED TOPICAL TERMS
Focus term Engg.Mathematics
942 ## - ADDED ENTRY ELEMENTS (KOHA)
Koha item type BOOK
Holdings
Withdrawn status Lost status Damaged status Not for loan Collection Home library Current library Shelving location Date acquired Source of acquisition Cost, normal purchase price Inventory number Total Checkouts Full call number Barcode Date last seen Cost, replacement price Price effective from Koha item type
        AFT Fr. Agnel's C.Rodrigues College of Engineering Fr. Agnel's C.Rodrigues College of Engineering   17/03/2023 UBS 20.00 T-573   510 AFT5216 17/03/2023 20.00 17/03/2023 BOOK
        AFT Fr. Agnel's C.Rodrigues College of Engineering Fr. Agnel's C.Rodrigues College of Engineering   17/03/2023 UBS 20.00 T-573   510 AFT5217 17/03/2023 20.00 17/03/2023 BOOK